Central Library OPAC University of Rajshahi

The New economic anthropology / (Record no. 43019)

MARC details
000 -LEADER
fixed length control field 00689nam a2200253 a 4500
001 - CONTROL NUMBER
control field 43019
003 - CONTROL NUMBER IDENTIFIER
rucl marc code BD-RjUL
005 - DATE AND TIME OF LATEST TRANSACTION
control field 20211209053630.0
008 - FIXED-LENGTH DATA ELEMENTS--GENERAL INFORMATION
fixed length control field 790709s1978 enk b 001 0 eng
020 ## - INTERNATIONAL STANDARD BOOK NUMBER
International Standard Book Number 0333196880 :
035 ## - SYSTEM CONTROL NUMBER
System control number (BD-RjUL)43137
040 ## - CATALOGING SOURCE
Original cataloging agency DLC
Transcribing agency DLC
Modifying agency BD-RjUL
Language of cataloging eng
041 ## - LANGUAGE CODE
Language code of text/sound track or separate title eng
082 00 - DEWEY DECIMAL CLASSIFICATION NUMBER
Classification number 306.3
Edition number 23
Author mark and year NEW 1978
245 04 - TITLE STATEMENT
Title The New economic anthropology /
Statement of responsibility, etc. Edited by John Clammer.
260 ## - PUBLICATION, DISTRIBUTION, ETC. (IMPRINT)
Place of publication, distribution, etc. London :
Name of publisher, distributor, etc. Macmillan,
Date of publication, distribution, etc. 1978.
300 ## - PHYSICAL DESCRIPTION
Pagination xiii, 260 p. ;
Size 22 cm.
500 ## - GENERAL NOTE
General note Includes index.
504 ## - BIBLIOGRAPHY, ETC. NOTE
Bibliography, etc .
650 #0 - SUBJECT ADDED ENTRY--TOPICAL TERM
Topical term or geographic name as entry element Economic anthropology.
9 (RLIN) 132097
Topical term or geographic name as entry element Marxist anthropology.
9 (RLIN) 132098
700 1# - ADDED ENTRY--PERSONAL NAME
Personal name Clammer, J.
942 ## - ADDED ENTRY ELEMENTS (KOHA)
Source of classification or shelving scheme Dewey Decimal Classification
Koha item type Books
Holdings
Lost status Source of classification or shelving scheme Damaged status Not for loan Collection code Permanent Location Current Location Shelving location Date acquired Source of acquisition Cost, normal purchase price Total Checkouts Full call number Date last seen Copy number Koha item type
  Dewey Decimal Classification     Non-fiction Central Library, University of Rajshahi Central Library, University of Rajshahi   08/04/1982 Heffer 12.00   301.51 NEW 1978 18/06/2016 C-2 Books